| 000 | 00000nam##2200000za#4500 |
| 001 | 9.578958 |
| 003 | CaOODSP |
| 005 | 20210624190332 |
| 007 | cr ||||||||||| |
| 008 | 150406|1991||||xxc|||||o f|0| 0 eng|d |
| 022 | |a1488-5379 |
| 040 | |aCaOODSP|beng |
| 043 | |an-cn--- |
| 086 | 1 |aFs97-6/1815E-PDF |
| 110 | 1 |aCanada. |bDepartment of Fisheries and Oceans. |
| 245 | 10|aStamp Falls fishway counts, adipose CLIP/CWT recovery and biological sampling of Chinook salmon escapements in Stamp River and Robertson Creek hatchery, 1990 / |h[electronic resource]|cby R.C. Bocking. |
| 260 | |aVancouver - British Columbia : |bFisheries and Oceans Canada |c1991. |
| 300 | |a109p.|bfigs., references |
| 490 | 1 |aCanadian technical report of fisheries and aquatic sciences|x1488-5379|vNo. 1815 |
| 500 | |aOn t.p.: Fisheries Branch, Vancouver, British Columbia. The catalogue number and ISSN for the print edition appear in the PDF version. |
| 546 | |a(Résumé en français) |
| 590 | |a14-05-Supp|b2014-02-26 |
| 720 | 1 |aBocking, R. C. |
| 830 | #0|aCanadian technical report of fisheries and aquatic sciences,|x1488-5379|vNo. 1815|w(CaOODSP)9.504449 |
| 856 | 40|ahttp://publications.gc.ca|qPDF|s3329 KB|uhttps://publications.gc.ca/collections/collection_2014/mpo-dfo/Fs97-6-1815-eng.pdf|yNo. 1815 |